|
|
|
|
| LEADER |
00000nam0a2200000 4500 |
| 001 |
232275 |
| 005 |
20231101231145.0 |
| 035 |
|
|
|a (RuTPU)RU\TPU\book\253311
|
| 090 |
|
|
|a 232275
|
| 100 |
|
|
|a 20130211d1969 km y0rusy50 ca
|
| 101 |
0 |
|
|a rus
|
| 102 |
|
|
|a RU
|
| 105 |
|
|
|a a z 001zy
|
| 200 |
1 |
|
|a Современная технология плавки чугуна
|e обзор
|f Центральный научно-исследовательский институт информации и технико-экономических исследований промышленности строительных материалов (ЦНИИТЭСтром); под ред. А. А. Бирюкова
|
| 210 |
|
|
|a Москва
|c ЦНИИТЭСтром
|d 1969
|
| 215 |
|
|
|a 48 с.
|c ил.
|
| 320 |
|
|
|a Библиогр.: с. 47-48.
|
| 606 |
1 |
|
|a Чугун
|x Плавка
|2 stltpush
|3 (RuTPU)RU\TPU\subj\18810
|9 44180
|
| 610 |
1 |
|
|a кокс
|
| 610 |
1 |
|
|a замена
|
| 610 |
1 |
|
|a природный газ
|
| 610 |
1 |
|
|a использование
|
| 610 |
1 |
|
|a газовые печи
|
| 610 |
1 |
|
|a коксогазовые вагранки
|
| 610 |
1 |
|
|a индукционные печи
|
| 675 |
|
|
|a 621.745.5
|v 3
|
| 675 |
|
|
|a 621.7м.13
|v 3
|
| 702 |
|
1 |
|a Бирюков
|b А. А.
|4 340
|
| 712 |
0 |
2 |
|a Центральный научно-исследовательский институт информации и технико-экономических исследований промышленности строительных материалов (ЦНИИТЭСтром)
|2 stltpush
|3 (RuTPU)RU\TPU\col\11395
|
| 801 |
|
1 |
|a RU
|b 63413507
|c 20130211
|
| 801 |
|
2 |
|a RU
|b 63413507
|c 20190311
|g RCR
|
| 942 |
|
|
|c BK
|